000 00480cam a22001931 4500
001 4529855
005 20180817041539.0
008 730529s1958 mau 000 0 eng
010 _a 58012572
040 _aDLC
_cDLC
_dDLC
041 _aeng
080 _a940.1 HAV
082 0 0 _a940.1 HAV
100 1 _a16
101 _aHIS
245 1 4 _aThe Pirenne thesis;
906 _a7
_bcbc
_corignew
_du
_eocip
_f19
_gy-gencatlg
942 _2ddc
_cBK
999 _c47203
_d47203